<?xml version="1.0" encoding="UTF-8"?><?xml-stylesheet type="text/xsl" href="static/style.xsl"?><OAI-PMH xmlns="http://www.openarchives.org/OAI/2.0/" xmlns:xsi="http://www.w3.org/2001/XMLSchema-instance" xsi:schemaLocation="http://www.openarchives.org/OAI/2.0/ http://www.openarchives.org/OAI/2.0/OAI-PMH.xsd"><responseDate>2026-04-28T03:55:04Z</responseDate><request verb="GetRecord" identifier="oai:riubu.ubu.es:10259/4615" metadataPrefix="marc">https://riubu.ubu.es/oai/request</request><GetRecord><record><header><identifier>oai:riubu.ubu.es:10259/4615</identifier><datestamp>2022-04-26T11:42:11Z</datestamp><setSpec>com_10259_2699</setSpec><setSpec>col_10259_2703</setSpec></header><metadata><record xmlns="http://www.loc.gov/MARC21/slim" xmlns:doc="http://www.lyncode.com/xoai" xmlns:xsi="http://www.w3.org/2001/XMLSchema-instance" xmlns:dcterms="http://purl.org/dc/terms/" xsi:schemaLocation="http://www.loc.gov/MARC21/slim http://www.loc.gov/standards/marcxml/schema/MARC21slim.xsd">
<leader>00925njm 22002777a 4500</leader>
<datafield tag="042" ind1=" " ind2=" ">
<subfield code="a">dc</subfield>
</datafield>
<datafield tag="720" ind1=" " ind2=" ">
<subfield code="a">Zanon, Christian</subfield>
<subfield code="e">author</subfield>
</datafield>
<datafield tag="260" ind1=" " ind2=" ">
<subfield code="c">2015</subfield>
</datafield>
<datafield tag="520" ind1=" " ind2=" ">
<subfield code="a">“Estudio Comparado de la Atención Educativa en la Diagnosis y en el Tratamiento del Trastorno por Déficit de Atención con Hiperactividad (TDAH) en Brasil y en Italia” es un proyecto de investigación realizado en varias universidades: España, Brasil y China, incluyendo Italia y Reino Unido. Se investigó el tema del TDAH desde el punto de vista de la atención educativa. La hipótesis ha evidenciado como el TDAH varía en la tasa de prevalencia a causa de una falta o un inadecuado protocolo de la atención educativa en la diagnosis. Se realizó una búsqueda del desarrollo histórico del TDAH, la revisión de las definiciones, comorbilidades asociadas, la epidemiología, etiología, el diagnostico según los manuales de referencia y la comparación de los datos de los países investigados. Los resultados de acuerdo a los objetivos, llegan a poner la siguiente pregunta: ¿“El TDAH es un problema de salud o de la educación”?</subfield>
</datafield>
<datafield tag="024" ind2=" " ind1="8">
<subfield code="a">http://hdl.handle.net/10259/4615</subfield>
</datafield>
<datafield tag="024" ind2=" " ind1="8">
<subfield code="a">10.36443/10259/4615</subfield>
</datafield>
<datafield ind1=" " ind2=" " tag="653">
<subfield code="a">TDAH</subfield>
</datafield>
<datafield ind1=" " ind2=" " tag="653">
<subfield code="a">Trastorno-Hiperactividad</subfield>
</datafield>
<datafield ind1=" " ind2=" " tag="653">
<subfield code="a">Déficit-Atención</subfield>
</datafield>
<datafield ind1=" " ind2=" " tag="653">
<subfield code="a">Educación</subfield>
</datafield>
<datafield ind1=" " ind2=" " tag="653">
<subfield code="a">Protocolos</subfield>
</datafield>
<datafield ind1=" " ind2=" " tag="653">
<subfield code="a">ADHD</subfield>
</datafield>
<datafield ind1=" " ind2=" " tag="653">
<subfield code="a">Hyperactive-Disorder</subfield>
</datafield>
<datafield ind1=" " ind2=" " tag="653">
<subfield code="a">Attention-Deficit</subfield>
</datafield>
<datafield ind1=" " ind2=" " tag="653">
<subfield code="a">Education</subfield>
</datafield>
<datafield ind1=" " ind2=" " tag="653">
<subfield code="a">Protocol</subfield>
</datafield>
<datafield tag="245" ind1="0" ind2="0">
<subfield code="a">Studio comparato dell' attenzione educativa nella diagnosi e nel trattamento sul disturbo da deficit di attenzione e iperattività (DDAI) in Brasile e Italia</subfield>
</datafield>
</record></metadata></record></GetRecord></OAI-PMH>